Movies Quiz

Random Movies or Star Wars Quiz

Star Wars Quiz of Awesomeness 2 Stats

 Plays Quiz not verified by Sporcle

Challenge
Share
Tweet
Embed
Score 0/15 Timer 07:00
0 Plays Today
Hint Answer % Correct
Number of Tatooine's SunsTwo
94.4%
Anakin's Rival PodracerSebulba
79.7%
Leader of the GungansBoss Nass
78%
Name of Jango Fett's ShipSlave 1
77.4%
Name of First Ewok SeenWicket
75.1%
Planet Darth Vader Killed Vicroy onMustafar
66.7%
Obi-Wan's friend who determined where Jango Fett's dart is fromDexter
54.2%
What AT-AT Stands forAll Terrain Armored Transport
44.1%
Hint Answer % Correct
Imperial Scout Droid that was Sent to Scout on HothImperial Probe Droid
37.9%
How Does Anakin Kill DookuCuts off his Head
37.3%
Name of Bounty Hunter Leia Impersonated to get in Jabba's PalaceBoushh
36.2%
What AT-ST Stands forAll Terrain Scout Transport
31.6%
Anakin's Quote as He Crash Lands Grevious's Ship on Coruscant Reffering to the Temperature of the Ship'We're coming in too hot!'
17.5%
What AT-TE Stands forAll Terrain Tactical Enforcer
14.1%
Number of Anakin's MidichloriansTwenty-Seven Thousand Seven Hundered
10.7%

You're not logged in!

Compare scores with friends on all Sporcle quizzes.
Join for Free
OR
Log In

You Might Also Like...

Show Comments

Extras

Top Quizzes Today


Score Distribution

Your Account Isn't Verified!

In order to create a playlist on Sporcle, you need to verify the email address you used during registration. Go to your Sporcle Settings to finish the process.

Report this User

Report this user for behavior that violates our Community Guidelines.

Details: